000 00530nam a2200169Ia 4500
008 090711s9999 xx 000 0 und d
082 _b44753
100 _aहसमनीस द. का.
245 _aराणीनं डाव जिंकला
260 _c1981
300 _a178
600 _aहसमनीस द. का.
630 _aराणीनं डाव जिंकला
700 _aहसमनीस द. का.
730 _aराणीनं डाव जिंकला
942 _cBOOK
999 _c295490
_d295490